Vista normal
Vista MARC
Entrada Personal Name
Número de registros utilizados en: 4
001 - CONTROL NUMBER
- control field: 63744
003 - CONTROL NUMBER IDENTIFIER
- control field: OSt
005 - DATE AND TIME OF LATEST TRANSACTION
- control field: 20250827155402.0
008 - FIXED-LENGTH DATA ELEMENTS
- fixed length control field: 250827|| aca||aabn | a|a d
040 ## - CATALOGING SOURCE
- Original cataloging agency: OSt
- Transcribing agency: OSt
100 ## - HEADING--PERSONAL NAME
- Personal name: Castaño Mesa, Samuel,
- Dates associated with a name: 1988-
670 ## - SOURCE DATA FOUND
- Source citation: Work cat.: (OSt)58651: Castaño Mesa, Samuel, 1988- aut ill, El tiempo de mi casa /